| 000 | 00876nam0a22002531 4500 | ||
|---|---|---|---|
| 001 | rc\794125 | ||
| 005 | 20040301143657.6 | ||
| 035 | _a(NLR Aleph) 006319106 | ||
| 090 |
_a7432875 _c7432875 |
||
| 100 | _a20040301d1984 u |0rusy50 ca | ||
| 101 | 0 | _arus | |
| 102 | _aRU | ||
| 105 | _aa ||||||||| | ||
| 200 | 1 |
_aПредприятие внедряет КСУКП _fВ. Еремин, В. Сафронов, В. Светкина |
|
| 210 |
_aТула _cПриок. кн. изд-во _d1984 |
||
| 215 |
_a103 с. _cил. _d20 |
||
| 700 | 1 |
_aЕремин _bВ. Г. _f1941- _gВадим Геннадьевич |
|
| 701 | 1 |
_aСафронов _bВ. В. _gВладислав Васильевич |
|
| 701 | 1 |
_aСветкина _bВ. И. _gВалентина Ивановна |
|
| 801 | 0 |
_aRU _bNLR _gpsbo |
|
| 801 | 1 |
_aRU _bELAR _2rusmarc |
|
| 852 |
_aNLR _j85-3/3170 |
||
| 942 | _cBOOK | ||
| 980 | _aNB | ||